Luis Pevidal el primer diputado delegado del Servicio Turístico Provincial / por G. C.
Publicado:
San Jorge, núm. 100 (abril 1977), pàg 41 - 43 :
MARC
| LEADER | 00000nam a2200000Ia 4500 | ||
|---|---|---|---|
| 003 | BGR | ||
| 005 | 20260324180048.0 | ||
| 008 | 160829s9999 xx 000 0 cat d | ||
| 100 | |a C., G. |9 41617 | ||
| 245 | |a Luis Pevidal el primer diputado delegado del Servicio Turístico Provincial / por G. C. | ||
| 260 | |a San Jorge, núm. 100 (abril 1977), pàg 41 - 43 | ||
| 610 | 1 | 0 | |a Barcelona (Catalunya : Província). |b Diputació |b Servei de Promoció del Turisme |9 52408 |
| 650 | |a Pevidal López, Luis |x Intervius |9 45142 | ||
| 901 | |a Arxiu | ||
| 942 | |n 1 |2 udc |c MON | ||
| 952 | |0 0 |1 0 |4 0 |7 1 |9 52391 |a Arxiu |b Arxiu |d 2016-12-01 |l 0 |r 2016-12-01 00:00:00 |w 2016-12-01 |y ARXIU | ||
| 999 | |c 56239 |d 56239 | ||